000 01016nam a2200313 a 4500
001 73295
003 BD-RjUL
005 20211209082355.0
008 170530s1975 enka b 001 0 eng d
020 _a0080187749 :
_c£5.40.
_a0080187730
_c£3.50.
035 _a(BD-RjUL)73513
040 _aDLC
_cDLC
_dDLC
_dBD-RjUL
_beng
041 _aeng
082 0 0 _223
_a621.381534
_bCOH 1975
100 1 _aCoekin, J. A.
_9216799
245 1 0 _aHigh-speed pulse techniques /
_cJ. A. Coekin.
250 _a1st ed.
260 _aOxford ;
_aNew York :
_bPergamon Press,
_cc1975.
300 _ax, 219 p. :
_bill. ;
_c22 cm.
490 0 _aApplied electricity and electronics
500 _aIncludes index.
504 _aIncludes bibliographical references(p. 208-211) and index:
650 0 _aPulse techniques (Electronics)
_9165344
650 0 _aSemiconductors.
_9216800
650 0 _aIntegrated circuits.
_9216801
830 _aApplied electricity and electronics
_9217930
942 _2ddc
_cBK
999 _c73295
_d73295